000 00347nam a2200145Ia 4500
008 150301s2014 xx 000 0 und d
082 _a612.015
_bM14S
100 _aSOOD, RAMNIK
245 _aMEDICAL LABORATORY TECHNOLOGY -2
250 _a6TH
260 _bJAYPEE
_aDELHI
_c2014
300 _a1670
650 _aBIOCHEMISTRY
942 _2ddc
_cBK
_01
999 _c6573
_d6573